| 000 | 00887nam a2200277Ia 4500 | ||
|---|---|---|---|
| 003 | OSt | ||
| 005 | 20220926003156.0 | ||
| 006 | a|||||r|||| 00| 0 | ||
| 007 | ta | ||
| 008 | 220923b |||||||| |||| 00| 0 eng d | ||
| 020 |
_a0195664469 _c595.00 |
||
| 037 |
_b7432, 15/03/2007, Uppal Book Store _cGeneral Book |
||
| 040 |
_aRTL _cRTL _beng |
||
| 041 |
_2eng _aeng |
||
| 082 | _aX991, P4 | ||
| 100 |
_aCullenberg Stephen _9307029 |
||
| 245 | 0 | _aGlobalization, culture and the limits of the marke | |
| 260 |
_a New Delhi _bOxford university Press _c2004 |
||
| 300 |
_a277p _ccm. |
||
| 490 | _aOxford in India Reading | ||
| 500 | _aBibliography Chapterwise | ||
| 650 | _aEconomics | ||
| 700 | _a Pattanaik Prasanta K | ||
| 942 |
_hX991, P4 _cGB _2CC |
||
| 999 |
_c607195 _d607195 |
||